Statistics for WWE #1 Greatest High Flyers

Click here to take the quiz!

General Stats

  • This quiz has been taken 384 times
  • The average score is 9 of 15

Answer Stats

HintAnswer% Correct
YesDaniel Bryan
85%
Here comes the moneyShane McMahon
76%
West Coast PopRey Mysterio
75%
Bourne for thisEvan Bourne
74%
BOOM BOOM BOOMKofi Kingston
71%
ExtremistJeff hardy
67%
5 StarRVD
66%
Starship PainJohn Morrison
61%
Zipline WM 12Shawn Michaels
56%
"Its True Its True"Kurt Angle
55%
Elbow DropRandy Savage
53%
Ain't no stoppin' meShelton Benjamin
47%
Toothless AgressionChris Benoit
32%
FacelessSin Cara
31%
7 Year itchBilly Kidman
10%

Score Distribution

Percentile by Number Answered

Percent of People with Each Score

Your Score History

You have not taken this quiz